000 00354nam a22001337a 4500
008 260530b |||||||| |||| 00| 0 eng d
020 _a9789381275030
082 _a001901
100 _aNagasampige, A V and Adiga, Shankarnarayan
245 _aJnana Swarupam
260 _aBangalore
_bPoorna Prajna Samshodhan Trust
_c2010
300 _a116p
942 _2ddc
999 _c1479
_d1479